Rhode Island Geography Quiz - Sudden Death - Statistics

General Stats
  • This quiz has been taken 128 times
    60 since last reset
  • The average score is 13 of 20
Answers on the Grid
Answers color-coded by a green-red scale on the quiz's grid according to % correct below.
Acadia National Park
Appalachian Mountains
Atlantic Ocean
Baja California
Bay of Fundy
Blackstone River
Block Island
Block Island Sound
Brown University
Cape Cod
Cape Hatteras
Cascade Mountains
Connecticut River
Cranston
Cumberland
Delaware Water Gap
Delmarva Peninsula
Great Dismal Swamp
Great Plains
Gulf of Maine
Hudson River
Johnston
Lake Huron
Lake Pontchartrain
Narragansett Bay
Newport
Niagara Falls
Pawcatuck River
Pawtucket
Pawtuxet River
Potomac River
Providence
Providence River
Rhode Island Sound
Roger Williams National Memorial
Scituate
St. Lawrence River
Warwick
White Mountains
Woonsocket
 
Answer Stats
Answer % Correct
Atlantic Ocean
90%
Block Island
77%
Providence
77%
Block Island Sound
74%
Newport
74%
Providence River
74%
Brown University
71%
Pawtucket
71%
Rhode Island Sound
71%
Warwick
71%
Narragansett Bay
68%
Woonsocket
65%
Cranston
61%
Roger Williams National Memorial
61%
Blackstone River
58%
Pawtuxet River
58%
Johnston
52%
Pawcatuck River
52%
Cumberland
48%
Scituate
39%
No matching quizzes found
Score Distribution
Percent of People with Each Score
Percentile by Number Answered
Your Score History
You have not taken this quiz since the last reset